00482nam a22001577a 450000500170000001000150001702000260003203500140005803700130007208200110008510000220009624500770011826000510019527000540024630000240030020180717110316.0 aENG-123479 a9789382711940c325.00 aEN-107011 bDBAD/PUB a863.08 aChakravarti, Ruma aReliving Tagore : cby Ruma Chakravartibpoetry, prose and preceptions / aNew DelhibVitasta Publlishing Pvt. Ltd.c2016 a2/15, Ansari Road, Daryaganj, bNew Delhie110002 aix,308p.c20cm(pbk)